| 000 | 00732nam a22002057i 4500 | ||
|---|---|---|---|
| 999 |
_c23279 _d23279 |
||
| 003 | AR-CdUCM | ||
| 008 | 250424b20182018 pe||||| |||| 00| 0 spa d | ||
| 040 |
_aMUNICIPALIDAD PROVINCIAL DEL CUSCO _cBIBLIOTECA MUNICIPAL DEL CUSCO |
||
| 041 | _hspa | ||
| 082 |
_aEP / 510 / A32 _bA32 |
||
| 100 |
_aAquino Puma, Hilario Néstor _951143 |
||
| 245 |
_aMatemática-tercer grado : _bFicha de trabajo para el estudiante / |
||
| 260 |
_aMegantoni-Cusco : _bMunicipalidad Distrital de Megantoni _c2018 |
||
| 300 |
_a20 páginas. : _bIlustraciones _c30x21 cm. |
||
| 650 |
_aMatemática básica _922162 |
||
| 650 |
_aEducación primaria _91561 |
||
| 700 |
_aQuiñones Huillca, Percy _951145 |
||
| 942 |
_2ddc _cLIBROS |
||
| 945 |
_apbjr _d24-04-2025 |
||